| 000 | 01244cam a22002054a 4500 | ||
|---|---|---|---|
| 005 | 20250605164003.0 | ||
| 008 | 250528s ||||||||||||||||||||||||d | ||
| 035 | _a15713 | ||
| 020 | _a137833172 | ||
| 040 |
_aGR-AtMCL _bgre _dGR-AtMCL _eAACR2 |
||
| 245 | 1 | _aIntroduction to Futures and Options Markets / Third Edition | |
| 250 | _a3rd | ||
| 260 |
_bPrentice Hall International, _c1991 |
||
| 300 | _a474 | ||
| 520 | _aPreface, Introduction, Futures and Forward Markets, Mechanics of Futures and Forward Markets, The Determination of Forward and Futures Prices, Hedging Strategies Using Futures, Interest-Rate Futures, Swaps, Option Markets, Mechanics of Options Markets, Basic Properties of Stock Options, Trading Strategies Involving Options, An Introduction to Binomial Trees, The Pricing of Stock Options Using Black-Scholes, Options on Stock Indices and Currencies, Options on Futures, Hedging Positions in Options and the Creation of Options Synthetically, Value at Risk, Valuing Options Numerically Using Binomial Trees, Biases in the Black-Scholes Model, Interest-Rate Options, Answers to Quiz Questions, Computer Software, Glossary, Index. | ||
| 700 | 1 |
_aHull John C _91630 |
|
| 942 | _cBK | ||
| 999 |
_c1269 _d1269 |
||